[Event "Benidorm op U2000 14th"]
[Site "Benidorm"]
[Date "2015.12.01"]
[Round "4"]
[White "Trabazos Gallego, Javier"]
[Black "Picazo Picazo, Pedro Jesus"]
[Result "1/2-1/2"]
[WhiteElo "1949"]
[BlackElo "1833"]
[PlyCount "56"]
[EventDate "2015.11.28"]
[EventType "swiss"]
[EventRounds "10"]
[EventCountry "ESP"]
[SourceTitle "CBM 169 Extra"]
[Source "ChessBase"]
[SourceDate "2015.12.18"]
[SourceVersion "1"]
[SourceVersionDate "2015.12.18"]
[SourceQuality "1"]

1. e4 c5 2. Nc3 d6 3. f4 Nf6 4. Nf3 Bg4 5. Bb5+ Nc6 6. Bxc6+ bxc6 7. 0-0 e5 8. d3 Be7 9. fxe5 dxe5 10. Be3 Nd7 11. h3 Bh5 12. Qe1 0-0 13. g4 Bg6 14. Qg3 Rb8 15. b3 Re8 16. Na4 a6 17. Qf2 c4 18. Rad1 cxb3 19. axb3 Rb5 20. Nc3 Rb8 21. Na4 Rb5 22. Nc3 Rb8 23. Na4 h5 24. g5 f6 25. h4 Rf8 26. Qg2 Bf7 27. g6 Be6 28. Nh2 f5 1/2-1/2